000 02187nam a2200493 a 4500
999 _c2136
_d2136
003 AKMAL
005 20170515123714.0
008 170515s2006 my a e | a001 0 may d
020 _a9835204160 (kkt.) :
_cRM30.00
020 _a9789835204166 (kkt.) :
_cRM30.00
040 _aAKMAL
082 0 4 _a370.1523 TAJ
_222
090 0 0 _a370.1523
_bTAJ
100 0 _aTajul Ariffin Noordin,
_d1951-
_94456
245 1 0 _aMembina pelajar cemerlang :
_bevolusi pembelajaran sepanjang hayat /
_cTajul Ariffin Nordin, Roslee Ahmad, Rahimawati Abdul Rahim
260 _aSkudai, Johor :
_bPenerbit Universiti Teknologi Malaysia,
_c2006
300 _a221ms. :
_bil. ;
_c23cm.
500 _aMengandungi indeks
504 _aBibliografi: ms. 205-213
650 2 0 _aLearning, Psychology of
_91082
650 1 0 _aStudy skills
_91091
700 0 _aRoslee Ahmad
_94302
700 0 _aRahimawati Abdul Rahim
_94457
942 _2ddc
_cBOOK